| 000 | 00469nam a2200181Ia 4500 | ||
|---|---|---|---|
| 001 | 14964 | ||
| 005 | 20260306164953.0 | ||
| 008 | 260306t2010||||xx |||||||||||||| ||spa|| | ||
| 041 | _aESP | ||
| 082 |
_a519.5 _bV19 |
||
| 100 |
_aValderrey Sanz, Pablo _eAUT |
||
| 245 | 0 |
_aSPSS 17: _bextracción del conocimiento a partir del análisis de datos |
|
| 260 | _c2010 | ||
| 300 |
_a464 páginas : _c23 cm. |
||
| 650 | _aGEN | ||
| 654 | _aCMA | ||
| 942 |
_cLIB _dJUS _fJUS _2ddc _n |
||
| 999 |
_c14964 _d14964 |
||